La innovación en la enseñanza superior: enseñanza, aprendizaje y culturas institucionales
Gespeichert in:
| Hauptverfasser: | , |
|---|---|
| Format: | Buch |
| Sprache: | Spanisch |
| Veröffentlicht: |
Madrid
Narcea
2006
|
| Ausgabe: | 2a. ed |
| Schriftenreihe: | Colección Universitaria
|
| Schlagworte: | |
| Tags: |
Tag hinzufügen
Keine Tags, Fügen Sie den ersten Tag hinzu!
|
MARC
| LEADER | 00000nam a2200000 a 4500 | ||
|---|---|---|---|
| 001 | UCI0696 | ||
| 003 | CL-VaPUC | ||
| 008 | 070525e20060000SP |||||||||||||||||spa|d | ||
| 020 | |a 8427714475 | ||
| 082 | 0 | 4 | |a 378.17 |b HAN |2 21 |
| 100 | 0 | |a Hannan, Andrew |e author |9 520876 | |
| 700 | 0 | |a Silver, Harold |e author |9 520877 | |
| 245 | 1 | 3 | |a La innovación en la enseñanza superior: enseñanza, aprendizaje y culturas institucionales |
| 250 | |a 2a. ed | ||
| 300 | |a 196 p | ||
| 942 | |c BK | ||
| 945 | |d 20070525 00:00:00 |a cmena | ||
| 260 | |a Madrid |b Narcea |c 2006 | ||
| 650 | 0 | |a Educación superior |9 223851 | |
| 650 | 0 | |a Innovaciones pedagógicas |9 307471 | |
| 650 | 0 | |a Métodos de enseñanza |9 270413 | |
| 650 | 0 | |a Aprendizaje |9 254827 | |
| 650 | 0 | |a Desarrollo cultural |9 267526 | |
| 583 | |a last modification |c 20140404 06:25:07 |k Rodrigo Vera | ||
| 490 | 0 | |a Colección Universitaria | |
| 999 | |c 325756 |d 325754 | ||
| 952 | |0 0 |1 0 |4 0 |6 378_170000000000000_HAN_2006 |7 0 |8 A |9 407052 |a BIBEDU |b BIBEDU |d 2019-11-22 |i 4343204 |o 378.17 HAN 2006 |p 4343204 |r 2019-11-22 |w 2019-11-22 |y BK |k EFI | ||